Gaming Quiz

Random Gaming or Video Games Quiz
Score 0/38 Timer 06:00
0 Plays Today
City % Correct
Moscow
100%
Rostov
53.8%
St. Petersburg
46.2%
Yaroslavl
46.2%
Yekaterinburg
46.2%
Vladivostok
46.2%
Arkhangelsk
46.2%
Perm
46.2%
Novgorod
38.5%
Khabarovsk
38.5%
Murmansk
38.5%
Samara
38.5%
Chelyabinsk
38.5%
Omsk
38.5%
Astrakhan
38.5%
Voronezh
38.5%
Orenburg
30.8%
Krasnoyarsk
30.8%
Tver
30.8%
City % Correct
Novosibirsk
30.8%
Irkutsk
30.8%
Saratov
30.8%
Vladimir
30.8%
Magnitogorsk
30.8%
Yakutsk
23.1%
Smolensk
23.1%
Bryansk
23.1%
Vologda
23.1%
Kursk
23.1%
Tula
23.1%
Pskov
23.1%
Magadan
15.4%
Chita
15.4%
Kostroma
15.4%
Nizhniy Novgorod
15.4%
Tobolsk
7.7%
Starayarussa
0%
Suzdal
0%
Remove Ads.
Support Sporcle.
Get the best of Sporcle when you Go Orange. This ad-free experience offers more features, more stats, and more fun while also helping to support Sporcle. Thank you for becoming a member.

You're not logged in!

Compare scores with friends on all Sporcle quizzes.
OR
Log In

Sporcle TV

Today on Sporcle TV


Watch our educational content, quiz creation guides, and fun videos on Sporcle TV.

Show Comments

Extras

Top Quizzes Today


Score Distribution

Paid Content

Your Account Isn't Verified!

In order to create a playlist on Sporcle, you need to verify the email address you used during registration. Go to your Sporcle Settings to finish the process.

Report this User

Report this user for behavior that violates our Community Guidelines.

Details: